LEADER 01677nam 2200397 n 450 001 996383521703316 005 20221108012821.0 035 $a(CKB)1000000000593715 035 $a(EEBO)2264191336 035 $a(UnM)99842847 035 $a(EXLCZ)991000000000593715 100 $a19910529d1615 uy | 101 0 $alat 135 $aurbn||||a|bb| 200 00$aAnnales rerum Anglicarum, et Hibernicarum, regnante Elizabetha, ad annum salutis M.D.LXXXIX. Guilielmo Camdeno authore$b[electronic resource] 210 $aLondini $cTypis Guilielmi Stansbij, impensis Simonis Watersoni, ad insigne Coronę in C?meterio Paulino$dM.DC.XV. [1615] 215 $a[8], 499, [23] p 300 $aBooks 1-3 only. 300 $aIncludes index. 300 $aRunning title reads: Elizabetha AngliƦ Regina. 300 $aB1 is a cancel. 300 $aWith a final errata leaf. 300 $aIdentified as STC 4496a on UMI microfilm reel 589. 300 $aReproductions of the originals in the Folger Shakespeare Library and the Henry E. Huntington Library and Art Gallery. 300 $aAppears at reel 589 (Folger Shakespeare Library copy) and at reel 1372 (Henry E. Huntington Library and Art Gallery copy). 330 $aeebo-0216 607 $aGreat Britain$xHistory$yElizabeth, 1558-1603$vEarly works to 1800 700 $aCamden$b William$f1551-1623.$0694594 801 0$bCu-RivES 801 1$bCu-RivES 801 2$bCStRLIN 801 2$bWaOLN 906 $aBOOK 912 $a996383521703316 996 $aAnnales rerum Anglicarum, et Hibernicarum, regnante Elizabetha, ad annum salutis M.D.LXXXIX. Guilielmo Camdeno authore$92407709 997 $aUNISA LEADER 01118nam0 22002651i 450 001 UON00052496 005 20231205102232.241 100 $a20020107d1971 |0itac50 ba 101 $aeng 102 $aUS 105 $a|||| 1|||| 200 1 $aChina and Southeast Asia - The politics of survival$ea study of Foreign Policy Interaction$fMelvin Gurtov 210 $aBaltimore$cThe Johns Hopkins University Press$d1971 215 $aVIII, 248 p., ill.$d22 cm 606 $aCINA$xPOLITICA ESTERA$xSEC. XX$3UONC006907$2FI 620 $aUS$dBaltimore, Maryland$3UONL001567 686 $aSEA IV$cSUDEST ASIATICO - STORIA$2A 700 1$aGURTOV$bMelvin$3UONV033210$0569275 712 $aJohns Hopkins University Press$3UONV246657$4650 801 $aIT$bSOL$c20240220$gRICA 899 $aSIBA - SISTEMA BIBLIOTECARIO DI ATENEO$2UONSI 912 $aUON00052496 950 $aSIBA - SISTEMA BIBLIOTECARIO DI ATENEO$dSI SEA IV 008 $eSI SA 16820 5 008 996 $aChina and Southeast Asia - The politics of survival$91145740 997 $aUNIOR